000 00549nam a2200241 a 4500
001 nice12345678
003 IN_TiNIC
005 20260116011856.0
008 050524s0000 a grp 000 0 urd
020 _a
_c100
082 0 0 _a239
_bBAR12
100 _aBarkatullah, P
245 _aMasih Ki Shan Az Rue Injil-E-Quran
260 _a
_b
_c0000
300 _a32p
500 _aincludes index and biblioraphy
505 2 _aAppendix
650 _aApologetics
700 1 _aBarkatullah, P
902 _bSRS
942 _cBK
999 _c4638
_d4638